Estatísticas para As 10 Músicas do Eminem mais tocadas no Brasil nos últimos 10 anos

Clique aqui para jogar o quiz

Estatísticas Gerais

  • Esse quiz foi jogado 26 vezes
  • A pontuação média é 4 de 10

Estatísticas das Respostas

AnoMúsica% Correto
2002Without Me
78%
2000The Real Slim Shady
65%
2002Lose Yourself
57%
2010Love the Way You Lie
43%
2000Stan
43%
2013The Monster
39%
2002Cleaning Out My Closet
17%
2006Smack That
13%
2018River
9%
2014Guts Over Fear
4%

Distribuição das Pontuações

Percentil de Números Respondidos

Porcentagem de Pessoas com Cada Pontuação

Sua Pontuação Histórica

Você não jogou esse quiz